Library Banner

بادشاہ (Record no. 65079)

MARC details
000 -LEADER
fixed length control field 00382nam a22001457a 4500
005 - DATE AND TIME OF LATEST TRANSACTION
control field 20150203111520.0
008 - FIXED-LENGTH DATA ELEMENTS--GENERAL INFORMATION
fixed length control field 150203b xxu||||| |||| 00| 0 eng d
040 ## - CATALOGING SOURCE
Transcribing agency PK-LaUMT
082 ## - DEWEY DECIMAL CLASSIFICATION NUMBER
Classification number KHC 320.01
Item number MEK-B
100 ## - MAIN ENTRY--PERSONAL NAME
Personal name میکاولی
245 ## - TITLE STATEMENT
Title بادشاہ
Statement of responsibility, etc میکاولی
260 ## - PUBLICATION, DISTRIBUTION, ETC. (IMPRINT)
Place of publication, distribution, etc نئی دہلی
Name of publisher, distributor, etc ترقی اردو بیورو
Date of publication, distribution, etc 1984
300 ## - PHYSICAL DESCRIPTION
Extent 199 ص
942 ## - ADDED ENTRY ELEMENTS (KOHA)
Koha item type Books
Holdings
Withdrawn status Lost status Damaged status Home library Current library Date acquired Full call number Barcode Date last seen Price effective from Koha item type
      UMT Main Campus UMT Main Campus 2015-02-03 KHC 320.01 MEK-B 74781 2015-02-03 2015-02-03 Books